Μάρκετινγκ χρηματοπιστωτικών υπηρεσιών : εξελίξεις, τάσεις, στρατηγικές
Αποθηκεύτηκε σε:
| Κύριος συγγραφέας: | |
|---|---|
| Μορφή: | Βιβλίο |
| Γλώσσα: | Greek |
| Δημοσίευση: |
Αθήνα :
Interbooks,
c2006.
|
| Θέματα: | |
| Ετικέτες: |
Προσθήκη ετικέτας
Δεν υπάρχουν, Καταχωρήστε ετικέτα πρώτοι!
|
MARC
| LEADER | 00000cam a2200000 i 4500 | ||
|---|---|---|---|
| 001 | 1/1334 | ||
| 008 | 090907s2006 gr | ||| |||| ||gre|| | ||
| 020 | |a 9603901660 | ||
| 035 | |l 10105559 | ||
| 040 | |a GR-MyUa |b gre |e AACR2 | ||
| 041 | 0 | |a gre | |
| 082 | 7 | |a 658.8 |2 (22) | |
| 082 | 7 | |a 332.10688 |2 (23) | |
| 100 | 1 | |a Λυμπερόπουλος, Κωνσταντίνος Χ., |d 1946- | |
| 245 | 1 | 0 | |a Μάρκετινγκ χρηματοπιστωτικών υπηρεσιών : |b εξελίξεις, τάσεις, στρατηγικές / |c Κωνσταντίνος Λυμπερόπουλος. |
| 260 | |a Αθήνα : |b Interbooks, |c c2006. | ||
| 300 | |a 501 σ. ; |c 24 εκ. | ||
| 504 | |a Βιβλιογραφία: σ. 483-501. | ||
| 650 | 0 | |a Financial services industry |x Marketing. | |
| 650 | 0 | |a Bank marketing. | |
| 852 | |a INST |b CHIOS |e 20090907 |h 658.8 ΛΥΜ |p 005200029676 |q 005200029676 |t BK |y 0 | ||
| 852 | |a INST |b CHIOS |e 20090907 |h 658.8 ΛΥΜ |p 005200029677 |q 005200029677 |t BK |y 0 | ||
| 852 | |a INST |b CHIOS |e 20100916 |h 658.8 ΛΥΜ |p 005200031797 |q 005200031797 |t BK |y 0 | ||
| 852 | |a INST |b CHIOS |c EUDOXUS |e 20130311 |h 658.8 ΛΥΜ |p 005200034206 |q 005200034206 |t EDX |y 0 | ||
| 852 | |a INST |b SYROS |e 20201209 |h 332.10688 ΛΥΜ |p 005500013143 |q 005500013143 |t BK |y 0 | ||
| 901 | |a BIBL2-2009-2 | ||
| 901 | |a BIBL2-2010-2 | ||
| 901 | |a BIBL2-2013-1 | ||
| 920 | |a Εύδοξος |b Παραγγελία |y Χίος-ΤΔΕ |z 2013-02 | ||
| 970 | |a Σπέντζα |b Ελένη |z 07/09/2009 | ||